| 000 | 00693nam a22002177a 4500 | ||
|---|---|---|---|
| 003 | OSt | ||
| 005 | 20170718164947.0 | ||
| 008 | 170718s2015 sp | |||| 000 0 spa d | ||
| 020 | _a9788498754018 | ||
| 040 |
_aSpMaBN _bcat _cCDMR |
||
| 100 | 1 | _aJarvis, Jeff | |
| 245 | 1 | 3 |
_aEl fin de los medios de comunicación de masas _b: ¿cómo serán las noticias del futuro? _c/ Jeff Jarvis ; traducido por Jorge Paredes |
| 250 | _a1ª ed. | ||
| 260 |
_aBarcelona _bGestión 2000 _c2015 |
||
| 300 |
_a222 p. _c23 cm |
||
| 504 | _aIncluye referencias bibliográficas | ||
| 650 | 0 | 7 |
_aPeriodisme digital _2embne _93076 |
| 650 | 0 | 4 |
_aMitjans de comunicació de massa _9405 |
| 942 |
_cMON _2udc |
||
| 956 | _a2 | ||
| 999 |
_c7052 _d7052 |
||